| 000 | 00483nam a2200181Ia 4500 | ||
|---|---|---|---|
| 008 | 230524s9999 xx 000 0 und d | ||
| 020 | _a9789381141410 | ||
| 082 |
_a620.106076 _bRAT |
||
| 100 |
_aChanamala Ratnam _942930 |
||
| 245 | 0 | _aFluid Mechanics and Machinery | |
| 250 | _a2 | ||
| 260 |
_aNew Delhi _bI.K.International _c2013 |
||
| 300 | _a"XVIII,656p;" | ||
| 500 | _aQuantity Number: 1 | ||
| 650 | _aMechanics | ||
| 700 |
_aArun Vikram Kothapalli _942931 |
||
| 942 | _cBK | ||
| 999 |
_c57894 _d57894 |
||